| 000 | 00589nam a2200217Ia 4500 | ||
|---|---|---|---|
| 005 | 20250508162039.0 | ||
| 008 | 008 250505s9999 xx 000 0 eng d | ||
| 020 | _a0-416-78490-9 | ||
| 037 | _aTextual | ||
| 040 |
_aFEDL _beng _cFEDL |
||
| 041 |
_aeng _2eng |
||
| 084 |
_a370.1, WOO _qFEDL |
||
| 100 |
_aWoods R. G. _9772136 |
||
| 245 | 0 | _aIntroduction to philosophy of education | |
| 260 | _c1975 | ||
| 300 | _a200p | ||
| 650 |
_aEducation - Philosolphy _9756482 |
||
| 700 |
_a Barrow R. St. C. _9772137 |
||
| 942 |
_cTEXL _h370.1, WOO |
||
| 999 |
_c1374051 _d1374051 |
||